La administración de negocios en las últimas dos décadas (Registro nro. 17233)
[ vista simple ]
| 000 -LEADER | |
|---|---|
| fixed length control field | 00391 a2200121 4500 |
| 001 - CONTROL NUMBER | |
| control field | ART_2260 |
| 005 - DATE AND TIME OF LATEST TRANSACTION | |
| control field | 20260410161724.0 |
| 008 - FIXED-LENGTH DATA ELEMENTS--GENERAL INFORMATION | |
| fixed length control field | 260409a |
| 100 1# - MAIN ENTRY--PERSONAL NAME | |
| Personal name | Serra, Roberto |
| 245 10 - TITLE STATEMENT | |
| Title | La administración de negocios en las últimas dos décadas |
| 700 1# - ADDED ENTRY--PERSONAL NAME | |
| Personal name | Hermida, Jorge Alfredo |
| 773 0# - HOST ITEM ENTRY | |
| Title | Administración de empresas |
| Related parts | - Año XVII, Nº 200 (nov. 1986) |
| Record control number | REV2036 |
No hay ítems disponibles.